000 00815nam a22002295i 4500
001 166099
003 ES-MaACL
005 20230906213250.0
008 050907s1884 fr ac | |||||||| ||fre d
040 _aCAM
_bspa
_cCAM
100 1 _aChen, Jitong (
_d1851-1907)
_9154964
245 1 4 _aLes chinois peints par eux-mêmes /
_cpar Tcheng-Ki-Tong.
250 _a4e éd.
260 _aParis :
_bCalmann Lévy, éditeur,
_c1884 (
_eBourloton :
_fImprimeries réunies B)
300 _aX, 291 p., [1] h. de lám. ;
_c19 cm.
490 1 _aBibliothèque contemporaine
651 4 _aChina-
_xUsos y costumbres.
_98064
700 2 _aCalmann Lévy,
_eed.
_9188340
830 0 _aBibliothèque contemporaine
_9181673
852 _aES-MaACL
_jD-2636
_z-- Rúst.
_z-- Legado de Modesto de la Fuente
999 _c166099
_d166099